00383nam a2200145Ia 4500008004100000020001500041041001200056082001600068100001800084245006700102260002800169300000800197650001500205700001700220221030s9999 xx 000 0 und d a9971512653 aEnglish a105.23bSon aR. E. Sonntag 0aFundamentals Of Thermodynamicscby R. E. Sonntag, C. Borgnakke bJohn WileyaIndiac2000 a783 aMechanical aC. Borgnakke